000 00288 a2200109 4500
005 20260420121120.0
020 _a9781529601411
100 _aBates Bob
245 _aLearning Theories Simplified : and how to apply them to teaching
250 _a3 rd edition
260 _bSAGE : London
_c2023
999 _c216628
_d216628